Caricamento...
The history of education in modern India, 1757-2012 /
This volume presents an overview of the education system in India from its colonial beginnings through Independence till the present day. The fourth edition includes the latest discussions and debates around the major changes planned for and already implemented in the education sector. It also inclu...
| Autore principale: | |
|---|---|
| Natura: | Printed Book |
| Lingua: | English |
| Pubblicazione: |
Telengana:
Orient Black Swan Pvt Ltd,
c2015.
|
| Soggetti: |
| LEADER | 01546cam a2200301Mi 4500 | ||
|---|---|---|---|
| 008 | 130924r20152013ii b 001 0 eng d | ||
| 999 | |c 178403 |d 178403 | ||
| 020 | |a 9788125052623 | ||
| 020 | |a 8125052623 | ||
| 035 | |a (OCoLC)ocn948743076 | ||
| 043 | |a a-ii--- | ||
| 049 | |a UIUU | ||
| 082 | 0 | 4 | |a 370.954 |2 23 |
| 100 | 1 | |a Ghosh, Suresh Chandra, | |
| 245 | 1 | 4 | |a The history of education in modern India, 1757-2012 / |c Suresh Chandra Ghosh. |
| 260 | |a Telengana: |b Orient Black Swan Pvt Ltd, |c c2015. | ||
| 300 | |a xi, 397 pages ; |c 22 cm | ||
| 500 | |a Reprint of: Fourth edition. 2013. | ||
| 504 | |a Includes bibliographical references (pages 375-382) and index. | ||
| 520 | |a This volume presents an overview of the education system in India from its colonial beginnings through Independence till the present day. The fourth edition includes the latest discussions and debates around the major changes planned for and already implemented in the education sector. It also includes the recommendations of the National Knowledge Commission, Yashpal Committee Report, and the enactment of the Right of Children to Free and Compulsory Education (the RTE Act). | ||
| 650 | 0 | |a Education |z India |x History. | |
| 650 | 0 | |a Education and state |z India. | |
| 650 | 7 | |a Education. |2 fast | |
| 650 | 7 | |a Education and state. |2 fast | |
| 942 | |c BK | ||
| 651 | 7 | |a India. |2 fast | |
| 655 | 7 | |a History. |2 fast | |
| 952 | |0 0 |1 0 |4 0 |6 370_954000000000000_GHO_H |7 0 |9 197696 |a WMS |b WMS |c GEN |d 2017-11-23 |g 395.00 |i 1476 |l 2 |o 370.954 GHO/H |p WMS1476 |r 2021-04-09 |s 2020-11-11 |w 2017-11-23 |y BK | ||